000
00300nam a22001337a 4500
008
171030b xxu||||| |||| 00| 0 eng d
020
_a
9780073511726
041
_a
eng
080
_2
7TH
_a
33
100
_a
58
101
_a
BUS
245
_a
BUSINESS A CHANGING WORLD
_c
FERRELL,O,C
942
_2
udc
_c
BK
999
_c
36602
_d
36602